| 000 | 01810nam a22004337a 4500 | ||
|---|---|---|---|
| 003 | CHAP | ||
| 005 | 20220329143511.0 | ||
| 008 | 100224s2009 mx r 00010 spa d | ||
| 010 | _a97603 | ||
| 011 | _a98575 | ||
| 035 | _a109260 | ||
| 040 | _cCHAP | ||
| 090 | _aTesis | ||
| 100 | 1 |
_aVillagómez Blancas, Melina. _9119398 |
|
| 245 | 1 | 0 |
_aProducción, productividad, rentabilidad y empleo en el cultivo de nogal (Carya illinoensis) en la región de la Laguna, México de 1990 a 2006, nivel de agregación : _bambos tipos de tenencia de suelo ejido y pequeña propiedad en riego por bombeo _c/por Melina Villagómez Blancas |
| 260 |
_aChapingo, Méx. : _bEl autor, _c2009 |
||
| 300 |
_ax, 46 h. : _bcuadros, gráfs. |
||
| 502 | _aTesis (Ing. Agr. Esp. en Sociología Rural) -- UACH. Departamento de Sociología Rural | ||
| 530 | _aTambién disponible en línea | ||
| 590 |
_aALEPH _b10 _c20130110 _lUCH01 _h1532 |
||
| 590 |
_aBATCH-UPD _b10 _c20130110 _lUCH01 _h0857 |
||
| 590 |
_aBATCH-UPD _b10 _c20130410 _lUCH01 _h0528 |
||
| 590 |
_aBATCH-UPD _b10 _c20130914 _lUCH01 _h0656 |
||
| 590 |
_aBATCH-UPD _b10 _c20140324 _lUCH01 _h1514 |
||
| 590 |
_aBATCH-UPD _b10 _c20141002 _lUCH01 _h0841 |
||
| 590 |
_aCONVERSION _b10 _c20130109 _lUCH01 _h1354 |
||
| 650 | 1 | 4 |
_aBombeo. _913625 |
| 650 | 1 | 4 |
_aEjidos _xComarca Lagunera. _936012 |
| 650 | 1 | 4 |
_aNogal _xAgua requerida. _981546 |
| 650 | 1 | 4 |
_aNogal _xRendimiento. _981569 |
| 650 | 1 | 4 |
_aNogal _zComarca Lagunera. _981574 |
| 650 | 1 | 4 |
_aProductividad. _991868 |
| 650 | 1 | 4 |
_aRiego de superficie. _997372 |
| 856 |
_3Finding aid _uhttp://10.13.5.2/tesis/109260.pdf _zTeclea aqui |
||
| 901 | _aBK | ||
| 942 | _cFOLL | ||
| 949 |
_aTesis _bBC _cTES _d33724002110363 _eTS2 _fc.2 _gDonaciØn _h50045 _i109260 _sb |
||
| 949 |
_aTesis _bBC _cTES _d33724002118439 _eTS1 _gDonaciØn _h50044 _i109260 _sb |
||
| 999 |
_c97603 _d97603 |
||